01458cam a22003857a 4500003000500000005001700005008004100022010001000063011001000073035001100083040000900094090001000103100004400113245013800157260004300295300001900338502009700357590003700454590004100491590004100532590004100573590004100614590004200655650003400697650003400731650003900765650001900804650002800823901000700851905001000858942001000868949005000878999001700928952012700945CHAP20220329142907.0050118d2004 mx a r 00110 spa d a89304 a90276 a100832 cCHAP aTesis00aBernal Salazar, Isaías Sergio.91190513aEl papel de las variables ambientales y los contaminantes atmosféricos en la actividad cambialc/por Isaías Sergio Bernal Salazar aMontecillo, Méx. :bEl autor,c2004. a99 h. :bilus. aTesis (Doctor en Ciencias) - - C. P. Instituto de Recursos Naturales. Programa en Botánica aALEPHb10c20130110lUCH01h1502 aBATCH-UPDb10c20130110lUCH01h1217 aBATCH-UPDb10c20130410lUCH01h0753 aBATCH-UPDb10c20130914lUCH01h0333 aBATCH-UPDb10c20130914lUCH01h2141 aCONVERSIONb10c20130109lUCH01h134914aAnillos de crecimiento.9584514aÁrbolesxCrecimiento.9658314aÁrbolesxEfecto del clima.9659414aOyamel.98446814aPinus hartwegii.988340 aBK aLilia cTESIS aTesisbBCcTESd100832eTS1h43233i100832sb c89304d89304 00102local4051708TESISaBCbBCcPA_TESISd2019-12-31fTESISl0oTesisp100832r2019-12-31 00:00:00w2019-12-31yTESIS